[Event "Montreal int"]
[Site "Montreal CAN"]
[Date "2002.08.02"]
[Round "8"]
[White "Rozentalis, Eduardas"]
[Black "Barbeau, Sylvain"]
[Result "1/2-1/2"]
[WhiteElo "2564"]
[BlackElo "2397"]
[PlyCount "61"]
[EventDate "2002.07.25"]
[EventType "tourn"]
[EventRounds "11"]
[EventCountry "CAN"]
[EventCategory "11"]
[Source "Mark Crowther"]
[SourceDate "2002.08.05"]

1. e4 e5 2. Nf3 Nc6 3. Nc3 Nf6 4. g3 Bb4 5. Bg2 O-O 6. O-O Re8 7. d3 h6 8. Nh4
Bxc3 9. bxc3 d5 10. exd5 Nxd5 11. Bd2 Be6 12. Re1 Qd6 13. Rb1 b6 14. c4 Nde7
15. f4 Rad8 16. Kh1 exf4 17. Bxf4 Qd7 18. Qd2 Nd4 19. Re4 Nef5 20. Rbe1 c5 21.
Qf2 Nxh4 22. gxh4 Bf5 23. R4e3 Rxe3 24. Bxe3 Bg6 25. Bd5 Nf5 26. Bf4 Kh7 27.
Be4 h5 28. Rf1 Nh6 29. Bxg6+ fxg6 30. Bxh6 Kxh6 31. Qf7 1/2-1/2

[Event "Montreal int"]
[Site "Montreal CAN"]
[Date "2002.08.03"]
[Round "9"]
[White "Degraeve, Jean Marc"]
[Black "Barsov, Alexei"]
[Result "1-0"]
[WhiteElo "2586"]
[BlackElo "2550"]
[PlyCount "85"]
[EventDate "2002.07.25"]
[EventType "tourn"]
[EventRounds "11"]
[EventCountry "CAN"]
[EventCategory "11"]
[Source "Mark Crowther"]
[SourceDate "2002.08.05"]

1. e4 e6 2. d4 d5 3. e5 c5 4. c3 Nc6 5. Nf3 Bd7 6. Be2 Nge7 7. Na3 cxd4 8. cxd4
Nf5 9. Nc2 Qb6 10. O-O Rc8 11. Kh1 Nb4 12. Nxb4 Qxb4 13. a4 a5 14. g4 Ne7 15.
Bd2 Qb6 16. b4 axb4 17. a5 Qd8 18. Bxb4 h5 19. g5 Nc6 20. Bxf8 Rxf8 21. Qd2 Ra8
22. a6 bxa6 23. Bxa6 Rb8 24. Bd3 Qe7 25. Qe3 Kd8 26. Rfc1 Kc7 27. Ra7+ Rb7 28.
Rxb7+ Kxb7 29. Bb5 Na7 30. Be2 Ka8 31. Ra1 Rb8 32. Ne1 g6 33. Nd3 Bb5 34. Nc5
Bxe2 35. Qxe2 Rb6 36. Qa2 Qc7 37. h4 Rb5 38. Qa6 Rb6 39. Qa4 Qe7 40. Kg2 Qc7
41. Qe8+ Rb8 42. Na6 Qc8 43. Qxf7 1-0

[Event "Montreal int"]
[Site "Montreal CAN"]
[Date "2002.08.03"]
[Round "9"]
[White "Ftacnik, Lubomir"]
[Black "Rozentalis, Eduardas"]
[Result "1-0"]
[WhiteElo "2602"]
[BlackElo "2564"]
[PlyCount "119"]
[EventDate "2002.07.25"]
[EventType "tourn"]
[EventRounds "11"]
[EventCountry "CAN"]
[EventCategory "11"]
[Source "Mark Crowther"]
[SourceDate "2002.08.05"]

1. c4 Nf6 2. Nf3 e6 3. g3 b6 4. Bg2 Bb7 5. O-O Be7 6. b3 O-O 7. Bb2 d5 8. e3
Nbd7 9. d4 c5 10. Nbd2 Rc8 11. Rc1 Qc7 12. cxd5 exd5 13. dxc5 bxc5 14. Qc2 Qb6
15. Rfd1 Rfe8 16. Ne5 Nxe5 17. Bxe5 Qe6 18. Bb2 Red8 19. Re1 Ba6 20. e4 d4 21.
Nc4 Bxc4 22. Qxc4 Qxc4 23. Rxc4 Nd7 24. Rd1 Nb6 25. Rcc1 Kf8 26. Bf1 a5 27. a4
Nd7 28. Kg2 Ne5 29. h3 g5 30. Bb5 h5 31. f4 Ng6 32. Rf1 gxf4 33. gxf4 f5 34. e5
Kg7 35. Rcd1 Rb8 36. Bc4 Rb6 37. Bc1 Rdb8 38. Rd3 Rb4 39. Bd5 Rd8 40. Be6 Rb6
41. Bc4 Rb4 42. Kh2 Rxc4 43. bxc4 Rb8 44. Rg3 Kf7 45. Rfg1 Nf8 46. Rg7+ Ke8 47.
Ba3 Ne6 48. Rh7 Rb3 49. Rg6 Kd7 50. Bxc5 Nxc5 51. Rgg7 Rb2+ 52. Kg1 Rb1+ 53.
Kg2 Rb2+ 54. Kf1 Rb1+ 55. Ke2 d3+ 56. Kd2 Rb2+ 57. Ke3 d2 58. Rxe7+ Kd8 59. Ra7
d1=N+ 60. Kd4 1-0

[Event "Montreal int"]
[Site "Montreal CAN"]
[Date "2002.08.04"]
[Round "10"]
[White "Barbeau, Sylvain"]
[Black "Ftacnik, Lubomir"]
[Result "0-1"]
[WhiteElo "2397"]
[BlackElo "2602"]
[PlyCount "96"]
[EventDate "2002.07.25"]
[EventType "tourn"]
[EventRounds "11"]
[EventCountry "CAN"]
[EventCategory "11"]
[Source "Mark Crowther"]
[SourceDate "2002.08.05"]

1. e4 c5 2. Nf3 d6 3. d4 cxd4 4. Nxd4 Nf6 5. Nc3 a6 6. f4 Qc7 7. Nf3 e6 8. Bd3
Nc6 9. Qe2 b5 10. O-O Be7 11. Kh1 Bb7 12. e5 dxe5 13. fxe5 Nd7 14. Bf4 Nc5 15.
Ne4 Nxe4 16. Bxe4 Nb4 17. Bxb7 Qxb7 18. c3 Nd5 19. Bg5 O-O 20. Qe4 Rac8 21.
Rad1 Rc4 22. Rd4 Rxd4 23. Qxd4 Rc8 24. Qg4 Rc4 25. Qg3 Bf8 26. Nd2 Ra4 27. a3
Ne7 28. Bxe7 Bxe7 29. Qd3 Rg4 30. Nf3 Rc4 31. Rd1 Qb8 32. Qe2 Qc8 33. Rd4 Rxd4
34. Nxd4 h6 35. h3 Bg5 36. Qe4 g6 37. Nf3 Bc1 38. Qc2 Bf4 39. Qf2 Qd8 40. Qe2
Qd5 41. a4 bxa4 42. c4 Qc5 43. Qd1 Kg7 44. Qxa4 Qf2 45. Qa1 Qc2 46. b3 Qxb3 47.
Qd4 Qb1+ 48. Ng1 Qc1 0-1

[Event "Montreal int"]
[Site "Montreal CAN"]
[Date "2002.08.04"]
[Round "10"]
[White "Zugic, Igor"]
[Black "Degraeve, Jean Marc"]
[Result "1/2-1/2"]
[WhiteElo "2450"]
[BlackElo "2586"]
[PlyCount "49"]
[EventDate "2002.07.25"]
[EventType "tourn"]
[EventRounds "11"]
[EventCountry "CAN"]
[EventCategory "11"]
[Source "Mark Crowther"]
[SourceDate "2002.08.05"]

1. d4 Nf6 2. c4 c5 3. Nf3 cxd4 4. Nxd4 e5 5. Nc2 b5 6. cxb5 Bb7 7. Nc3 d5 8. e3
Bd6 9. Be2 Qe7 10. a4 Nbd7 11. Bf3 Qe6 12. g3 Rd8 13. O-O h5 14. h4 Ne4 15. Bg2
g5 16. hxg5 h4 17. gxh4 Rxh4 18. f4 Nb6 19. Nxe4 dxe4 20. Qe2 exf4 21. Rxf4
Bxf4 22. exf4 Nd5 23. Qf2 Rg4 24. Ne3 Rxf4 25. Nxd5 1/2-1/2

[Event "Montreal int"]
[Site "Montreal CAN"]
[Date "2002.08.05"]
[Round "11"]
[White "Degraeve, Jean Marc"]
[Black "Kotronias, Vasilios"]
[Result "1/2-1/2"]
[WhiteElo "2586"]
[BlackElo "2578"]
[PlyCount "20"]
[EventDate "2002.07.25"]
[EventType "tourn"]
[EventRounds "11"]
[EventCountry "CAN"]
[EventCategory "11"]
[Source "Mark Crowther"]
[SourceDate "2002.08.12"]

1. e4 c5 2. Nf3 Nc6 3. d4 cxd4 4. Nxd4 Nf6 5. Nc3 d6 6. Bg5 e6 7. Qd2 Be7 8.
O-O-O O-O 9. f4 Nxd4 10. Qxd4 Qa5 1/2-1/2

[Event "Montreal int"]
[Site "Montreal CAN"]
[Date "2002.08.05"]
[Round "11"]
[White "Ftacnik, Lubomir"]
[Black "Bluvshtein, Mark"]
[Result "1/2-1/2"]
[WhiteElo "2602"]
[BlackElo "2367"]
[PlyCount "140"]
[EventDate "2002.07.25"]
[EventType "tourn"]
[EventRounds "11"]
[EventCountry "CAN"]
[EventCategory "11"]
[Source "Mark Crowther"]
[SourceDate "2002.08.12"]

1. c4 e6 2. g3 c5 3. Bg2 Nc6 4. Nf3 Nf6 5. Nc3 d5 6. cxd5 exd5 7. d4 Be7 8. O-O
O-O 9. dxc5 Bxc5 10. Bg5 d4 11. Bxf6 Qxf6 12. Nd5 Qd8 13. Nd2 a6 14. Rc1 Ba7
15. Nf4 Bg4 16. h3 Bf5 17. Qb3 Qd7 18. Ne4 Rfe8 19. Nc5 Bxc5 20. Rxc5 Be4 21.
Rfc1 Bxg2 22. Kxg2 Re4 23. Qd3 Rae8 24. a3 R4e5 25. b4 Rxc5 26. Rxc5 Qe7 27.
Qc2 g6 28. h4 Kg7 29. Kf1 Qe4 30. Qxe4 Rxe4 31. Rd5 Kf6 32. b5 axb5 33. Rxb5
Nd8 34. Ke1 Re5 35. Rb4 Ra5 36. Rxd4 Ne6 37. Nxe6 Kxe6 38. Rd3 Rb5 39. f3 h5
40. Re3+ Kf6 41. Kd2 Rb1 42. Re4 Ra1 43. Ra4 b5 44. Ra5 Ra2+ 45. Kd3 Rb2 46. g4
hxg4 47. fxg4 Rb3+ 48. Ke4 b4 49. a4 Rh3 50. g5+ Ke6 51. Ra6+ Ke7 52. Rb6 Rxh4+
53. Kd5 b3 54. e4 Rg4 55. a5 Rxg5+ 56. e5 Rg1 57. Rxb3 Rd1+ 58. Ke4 Ra1 59.
Rb7+ Ke8 60. Ra7 Kf8 61. a6 Ra5 62. Kd4 Kg8 63. e6 fxe6 64. Kc4 g5 65. Kb4 Ra2
66. Kb5 Rb2+ 67. Kc6 Ra2 68. Kb5 Rb2+ 69. Kc6 Ra2 70. Kb5 Rb2+ 1/2-1/2

[Event "Montreal op"]
[Site "Montreal CAN"]
[Date "2002.08.30"]
[Round "2"]
[White "Bolduc, Steve"]
[Black "Schleifer, Michael"]
[Result "0-1"]
[WhiteElo "2222"]
[BlackElo "2354"]
[PlyCount "59"]
[EventDate "2002.08.31"]
[EventType "swiss"]
[EventRounds "6"]
[EventCountry "CAN"]

1. d4 Nf6 2. c4 e6 3. Nf3 b6 4. a3 Bb7 5. Nc3 d5 6. cxd5 Nxd5 7. e3 Be7 8. Bb5+
c6 9. Bd3 O-O 10. O-O c5 11. Ne5 cxd4 12. exd4 Nd7 13. Bd2 Nxe5 14. dxe5 Nxc3
15. Bxc3 Qd5 16. Qf3 Qxf3 17. gxf3 Bxf3 18. Rfe1 Rfd8 19. Re3 Bb7 20. Kf1 Rxd3
21. Rxd3 Ba6 22. Rad1 Rd8 23. Ke2 Bg5 24. a4 h5 25. h3 Kh7 26. f4 Rxd3 27. Rxd3
Bxd3+ 28. Kxd3 Bxf4 29. Kc4 g5 30. Be1 0-1

[Event "Mt. Seymour active"]
[Site "Vancouver CAN"]
[Date "2002.08.10"]
[Round "1"]
[White "Poitras, Luc"]
[Black "Sladek, Vaclav"]
[Result "1-0"]
[WhiteElo "1976"]
[BlackElo "1936"]
[PlyCount "59"]
[EventDate "2002.08.10"]
[EventType "tourn (rapid)"]
[EventRounds "7"]
[EventCountry "CAN"]

1. c4 e5 2. Nc3 Nc6 3. g3 d6 4. Bg2 Be6 5. d3 Be7 6. e3 f5 7. Nge2 Nf6 8. Rb1
a5 9. a3 O-O 10. O-O Kh8 11. b4 axb4 12. axb4 d5 13. b5 Na5 14. cxd5 Nxd5 15.
Nxd5 Bxd5 16. Qc2 Bxg2 17. Kxg2 Qd7 18. Bd2 b6 19. Rfc1 Rfc8 20. Bb4 Nb7 21.
Bxe7 Qxe7 22. d4 Nd6 23. dxe5 Qxe5 24. Nd4 Qd5+ 25. Kg1 h6 26. Qb3 Qxb3 27.
Rxb3 Ra5 28. Rc2 Kh7 29. Kg2 Kg6 30. Nc6 1-0

[Event "Mt. Seymour active"]
[Site "Vancouver CAN"]
[Date "2002.08.10"]
[Round "4"]
[White "Sladek, Vaclav"]
[Black "Oszvald, Joseph"]
[Result "1-0"]
[WhiteElo "1936"]
[BlackElo "2245"]
[PlyCount "90"]
[EventDate "2002.08.10"]
[EventType "tourn (rapid)"]
[EventRounds "7"]
[EventCountry "CAN"]

1. d4 c5 2. e3 g6 3. c3 Bg7 4. Nf3 b6 5. Be2 Bb7 6. O-O e6 7. Qb3 Qc7 8. Nbd2
Ne7 9. Qc2 O-O 10. b3 f5 11. Bb2 d6 12. dxc5 bxc5 13. c4 e5 14. Ng5 Qd7 15. f4
Nbc6 16. Rad1 h6 17. Nh3 Qe6 18. Bf3 Nb4 19. Qb1 e4 20. Be2 a5 21. a3 Nbc6 22.
Bxg7 Kxg7 23. Qb2+ Qf6 24. Qc2 Rfc8 25. Nb1 Nd4 26. exd4 cxd4 27. Qb2 Nc6 28.
g4 fxg4 29. Bxg4 Re8 30. Bd7 e3 31. Bxc6 Bxc6 32. Rxd4 Bd7 33. Nf2 exf2+ 34.
Qxf2 Bh3 35. Rfd1 Re6 36. Nc3 Rae8 37. Nd5 Qf7 38. Qg3 Bf5 39. Rf1 Re2 40. Rfd1
Qa7 41. Kf1 Qc5 42. Qc3 Rc2 43. Qa1 Kf7 44. b4 Rxc4 45. bxc5 Rxc5 1-0

[Event "Mt. Seymour active"]
[Site "Vancouver CAN"]
[Date "2002.08.10"]
[Round "6"]
[White "Poitras, Luc"]
[Black "Oszvald, Joseph"]
[Result "0-1"]
[WhiteElo "1976"]
[BlackElo "2245"]
[PlyCount "56"]
[EventDate "2002.08.10"]
[EventType "tourn (rapid)"]
[EventRounds "7"]
[EventCountry "CAN"]

1. c4 e5 2. Nc3 Nf6 3. g3 d5 4. cxd5 Nxd5 5. Bg2 Be6 6. Nf3 Nc6 7. d3 Be7 8.
O-O h5 9. h4 f6 10. Ne4 Qd7 11. a3 O-O-O 12. b4 Rdg8 13. Kh2 g5 14. Rb1 gxh4
15. Nxh4 f5 16. Nc5 Bxc5 17. bxc5 f4 18. e3 fxg3+ 19. fxg3 Qg7 20. Qe1 Nce7 21.
Bb2 Qg5 22. Nf3 Qxe3 23. Qxe3 Nxe3 24. Nxe5 Nxg2 25. Kxg2 h4 26. g4 Bd5+ 27.
Nf3 Rxg4+ 28. Kh2 Rf8 0-1

[Event "Mt. Seymour active"]
[Site "Vancouver CAN"]
[Date "2002.08.10"]
[Round "6"]
[White "Sladek, Vaclav"]
[Black "Alipour, Iraj"]
[Result "1/2-1/2"]
[WhiteElo "1936"]
[BlackElo "1420"]
[PlyCount "65"]
[EventDate "2002.08.10"]
[EventType "tourn (rapid)"]
[EventRounds "7"]
[EventCountry "CAN"]

1. d4 g6 2. c4 Bg7 3. Nc3 b6 4. Nf3 Bb7 5. e4 d6 6. Be2 Nf6 7. Qc2 O-O 8. O-O
Nbd7 9. b4 c5 10. bxc5 dxc5 11. Rd1 cxd4 12. Nxd4 Qc7 13. Be3 a6 14. Rac1 Nc5
15. Nd5 Bxd5 16. exd5 Nfe4 17. f3 Nd6 18. Nc6 Nf5 19. Bf2 e6 20. Bd3 Nxd3 21.
Qxd3 exd5 22. cxd5 Qb7 23. a4 Rfe8 24. Rb1 b5 25. g4 Nd6 26. Bg3 Qd7 27. axb5
Nxb5 28. Re1 Nc3 29. Rxe8+ Rxe8 30. Rb8 Rxb8 31. Nxb8 Qxd5 32. Qxd5 Nxd5 33.
Nxa6 1/2-1/2

[Event "Mt. Seymour active"]
[Site "Vancouver CAN"]
[Date "2002.08.10"]
[Round "7"]
[White "Alipour, Iraj"]
[Black "Poitras, Luc"]
[Result "0-1"]
[WhiteElo "1420"]
[BlackElo "1976"]
[PlyCount "60"]
[EventDate "2002.08.10"]
[EventType "tourn (rapid)"]
[EventRounds "7"]
[EventCountry "CAN"]

1. g3 Nf6 2. Bg2 g6 3. b3 Bg7 4. Bb2 d5 5. e3 O-O 6. Ne2 c5 7. O-O Nc6 8. d3
Bf5 9. a3 Qd7 10. Nf4 g5 11. Ne2 Bh3 12. Nbc3 Bxg2 13. Kxg2 Qf5 14. Rb1 e5 15.
Ng1 e4 16. f3 exd3 17. cxd3 d4 18. e4 Qe6 19. f4 dxc3 20. Bxc3 gxf4 21. Rxf4
Nd5 22. exd5 Qxd5+ 23. Qf3 Qxf3+ 24. Rxf3 Bxc3 25. a4 Nd4 26. Rf4 Ne6 27. Rg4+
Kh8 28. Nf3 Rg8 29. Re4 Rad8 30. Rd1 Rd7 0-1

[Event "National Capital op"]
[Site "Ottawa CAN"]
[Date "2002.10.25"]
[Round "1"]
[White "Al Rayyan, Mohamad"]
[Black "De Kerpel, Stijn"]
[Result "1-0"]
[WhiteElo "2352"]
[BlackElo "2004"]
[PlyCount "69"]
[EventDate "2002.10.25"]
[EventType "swiss"]
[EventRounds "5"]
[EventCountry "CAN"]

1. e4 c5 2. Nf3 d6 3. d4 cxd4 4. Nxd4 Nf6 5. Nc3 a6 6. Bg5 e6 7. Qd2 Be7 8. Be2
Qc7 9. O-O h6 10. Be3 Nc6 11. f3 Bd7 12. Rf2 Nxd4 13. Bxd4 Bc6 14. Rd1 b5 15.
a3 Rd8 16. Qe3 Qb7 17. Bb6 Rd7 18. Bf1 O-O 19. Rfd2 Rb8 20. Ba5 d5 21. e5 d4
22. Rxd4 Bc5 23. exf6 Rxd4 24. Rxd4 Qa7 25. Ne2 e5 26. Qxe5 Re8 27. Qf4 g5 28.
Qd2 Rxe2 29. Bxe2 Bxd4+ 30. Kf1 Qd7 31. Bc3 Bxc3 32. Qxc3 Qe6 33. Qd4 h5 34.
Bd3 h4 35. Kf2 1-0

[Event "National Capital op"]
[Site "Ottawa CAN"]
[Date "2002.10.25"]
[Round "1"]
[White "Bachand-Fleurent, Julien"]
[Black "Gelblum, Robert"]
[Result "0-1"]
[WhiteElo "2062"]
[BlackElo "2225"]
[PlyCount "85"]
[EventDate "2002.10.25"]
[EventType "swiss"]
[EventRounds "5"]
[EventCountry "CAN"]

1. e4 c5 2. Nc3 d6 3. g3 g6 4. Bg2 Bg7 5. d3 Nc6 6. Nh3 e6 7. O-O Nge7 8. Bg5
h6 9. Be3 O-O 10. Qd2 Kh7 11. Kh1 Rb8 12. f4 f5 13. Nf2 b5 14. g4 b4 15. Ncd1
Bb7 16. c3 e5 17. gxf5 gxf5 18. fxe5 Nxe5 19. cxb4 cxb4 20. Bxa7 Ra8 21. Be3
fxe4 22. Qxb4 Qd7 23. Bxe4+ Bxe4+ 24. Qxe4+ Kh8 25. d4 d5 26. Qg2 Nc4 27. Rg1
Rg8 28. Ng4 Qe6 29. Qh3 Nf5 30. Re1 Qe4+ 31. Kg1 Ncxe3 32. Ndxe3 Bxd4 33. Kf1
Qf4+ 34. Ke2 Rad8 35. Kd3 Bxe3 36. Rxe3 Qd4+ 37. Ke2 Qxb2+ 38. Kf3 Nd4+ 39. Kf4
Rgf8+ 40. Nf6 Rxf6+ 41. Kg4 Rg8+ 42. Kh4 Nf3+ 43. Rxf3 0-1

[Event "National Capital op"]
[Site "Ottawa CAN"]
[Date "2002.10.26"]
[Round "2"]
[White "Gelblum, Robert"]
[Black "Al Rayyan, Mohamad"]
[Result "0-1"]
[WhiteElo "2225"]
[BlackElo "2352"]
[PlyCount "131"]
[EventDate "2002.10.25"]
[EventType "swiss"]
[EventRounds "5"]
[EventCountry "CAN"]

1. e4 e5 2. Nf3 Nc6 3. Bb5 a6 4. Ba4 Nf6 5. O-O Be7 6. Re1 b5 7. Bb3 d6 8. c3
O-O 9. h3 Bb7 10. d4 h6 11. Nbd2 Re8 12. Nf1 Bf8 13. Ng3 g6 14. a3 Bg7 15. Bc2
Kh7 16. Be3 Qe7 17. d5 Nb8 18. b3 c6 19. c4 bxc4 20. bxc4 Qc7 21. Qd2 Nbd7 22.
Rab1 Rab8 23. Ba4 Bf8 24. Rb2 Ba8 25. Reb1 Rxb2 26. Rxb2 Rb8 27. Kh2 Rxb2 28.
Qxb2 Bb7 29. Nd2 c5 30. f3 Be7 31. Ne2 Nb6 32. Bc2 Bc8 33. Nc3 Nh5 34. Ne2 Qd8
35. Qc3 Bg5 36. Bb3 Bxe3 37. Qxe3 Qh4 38. Nf1 Qe1 39. Neg3 Qxe3 40. Nxe3 Nf4
41. Bc2 a5 42. Ngf1 Kg7 43. Nd2 Bd7 44. Kg3 Ne2+ 45. Kf2 Nd4 46. Bd1 Kf8 47.
Nb3 Nxb3 48. Bxb3 Ke7 49. Ke2 f5 50. Kd3 Kf6 51. Nd1 f4 52. Nc3 Kg5 53. Ke2 Kh4
54. Kf2 Kg5 55. Ke2 Kf6 56. a4 g5 57. Kd3 h5 58. Bd1 Ke7 59. Nb5 Be8 60. Kc3
Nd7 61. Na7 Nf6 62. Kd3 Bd7 63. Nb5 g4 64. hxg4 hxg4 65. fxg4 Nxg4 66. Bf3 0-1

[Event "National Capital op"]
[Site "Ottawa CAN"]
[Date "2002.10.26"]
[Round "2"]
[White "Patterson, Roger"]
[Black "Brice, Ron"]
[Result "1-0"]
[WhiteElo "2245"]
[BlackElo "2084"]
[PlyCount "69"]
[EventDate "2002.10.25"]
[EventType "swiss"]
[EventRounds "5"]
[EventCountry "CAN"]

1. e4 c5 2. Nf3 d6 3. d4 cxd4 4. Nxd4 Nf6 5. Nc3 a6 6. Be3 e5 7. Nb3 Be6 8. f3
Nbd7 9. Qd2 b5 10. g4 Nb6 11. g5 Nfd7 12. Nd5 Rc8 13. Na5 Nxd5 14. exd5 Bxd5
15. Qxd5 Qxa5+ 16. c3 Be7 17. Bd3 O-O 18. h4 Qd8 19. O-O-O Nc5 20. Bxc5 Rxc5
21. Qe4 g6 22. Kb1 Qc7 23. Rde1 Rc8 24. h5 Bxg5 25. hxg6 fxg6 26. Qg4 Qe7 27.
Reg1 h6 28. Bxg6 Rc4 29. Be4 Kg7 30. Rxh6 Rxe4 31. fxe4 Kxh6 32. Rh1+ Kg7 33.
Qxc8 Qf7 34. Qh8+ Kg6 35. Qh5+ 1-0

[Event "National Capital op"]
[Site "Ottawa CAN"]
[Date "2002.10.26"]
[Round "3"]
[White "Gelblum, Robert"]
[Black "Nezirovic, Ozren"]
[Result "1-0"]
[WhiteElo "2225"]
[BlackElo "1942"]
[PlyCount "85"]
[EventDate "2002.10.25"]
[EventType "swiss"]
[EventRounds "5"]
[EventCountry "CAN"]

1. e4 d6 2. d4 Nf6 3. Nc3 g6 4. Be3 c6 5. h3 Nbd7 6. Qd2 a6 7. Nf3 Qc7 8. a4 b6
9. Be2 Bb7 10. O-O b5 11. e5 dxe5 12. dxe5 Nxe5 13. Nxe5 Qxe5 14. Bf4 Qf5 15.
Bf3 b4 16. Ne2 e5 17. g4 Qd7 18. Qe3 Bd6 19. Bxe5 Bxe5 20. Qxe5+ Qe7 21. Qxe7+
Kxe7 22. Nd4 Kd7 23. Rad1 Kc7 24. Nb3 Rad8 25. Nc5 Kb6 26. Nd3 a5 27. Ne5 Rxd1
28. Rxd1 h5 29. Nxf7 Rf8 30. Ne5 hxg4 31. hxg4 Kc7 32. Kg2 g5 33. Nc4 Bc8 34.
Kg3 Nd7 35. Re1 Rf4 36. Nxa5 Nf6 37. Re7+ Kb6 38. Nb3 Bxg4 39. a5+ Ka6 40. Bxc6
Bd1 41. Bb7+ Kb5 42. Re5+ Ka4 43. Bc6# 1-0

[Event "National Capital op"]
[Site "Ottawa CAN"]
[Date "2002.10.27"]
[Round "4"]
[White "Valdizon, Armando"]
[Black "Al Rayyan, Mohamad"]
[Result "1/2-1/2"]
[WhiteElo "2307"]
[BlackElo "2352"]
[PlyCount "79"]
[EventDate "2002.10.25"]
[EventType "swiss"]
[EventRounds "5"]
[EventCountry "CAN"]

1. d4 d5 2. c4 c6 3. Nc3 Nf6 4. cxd5 cxd5 5. Bf4 Nc6 6. e3 Qa5 7. a3 a6 8. Bd3
e6 9. Nf3 b5 10. O-O Be7 11. Rc1 Bb7 12. Ne5 Rc8 13. Rc2 O-O 14. Qd2 Qb6 15.
Rfc1 Na5 16. Qe2 Nc4 17. Bg5 Qd6 18. f4 h6 19. Bxf6 Bxf6 20. g4 Be7 21. Nb1
Nxe5 22. fxe5 Qb6 23. Nd2 Rxc2 24. Rxc2 Rc8 25. Nf3 Rxc2 26. Bxc2 Qc6 27. h4
Qc4 28. Bd3 Qc6 29. g5 h5 30. g6 f5 31. Ng5 Bxg5 32. hxg5 Qc1+ 33. Kg2 h4 34.
Qh5 Qd2+ 35. Kf3 Qxd3 36. Qh7+ Kf8 37. Qh8+ Ke7 38. Qxg7+ Kd8 39. Qf8+ Kd7 40.
Qd6+ 1/2-1/2

[Event "National Capital op"]
[Site "Ottawa CAN"]
[Date "2002.10.27"]
[Round "5"]
[White "Lawson, Eric"]
[Black "Valdizon, Armando"]
[Result "0-1"]
[WhiteElo "2271"]
[BlackElo "2307"]
[PlyCount "98"]
[EventDate "2002.10.25"]
[EventType "swiss"]
[EventRounds "5"]
[EventCountry "CAN"]

1. b3 e5 2. Bb2 Nc6 3. e3 d6 4. c4 f5 5. Nc3 Nf6 6. d3 Be7 7. g3 d5 8. Bg2 Be6
9. Nge2 Qd7 10. a3 Rd8 11. Qc2 O-O 12. O-O g5 13. Rac1 f4 14. cxd5 Nxd5 15.
Nxd5 Bxd5 16. Bxd5+ Qxd5 17. Qc4 Qxc4 18. Rxc4 Rxd3 19. Nc1 Rd2 20. Bc3 Rc2 21.
exf4 exf4 22. Nd3 fxg3 23. hxg3 Rf3 24. Ne1 Rcxc3 25. Nxf3 Rxf3 26. b4 a6 27.
Re1 Kf7 28. Ra1 Bd6 29. Kg2 Rb3 30. Ra2 Ne5 31. Re4 g4 32. Kf1 Kf6 33. Ke2 Rb1
34. Rd4 Kf5 35. Rf4+ Kg5 36. Rd4 Nf3 37. Rd5+ Be5 38. Rd1 Nd4+ 39. Ke1 Rb3 40.
Kf1 Nf3 41. Ke2 Kf5 42. Kf1 h5 43. Kg2 h4 44. gxh4 Nxh4+ 45. Kf1 Rh3 46. Ke2 g3
47. Rd3 Rh2 48. Ke3 g2 49. Rd1 Rh1 0-1

[Event "National Capital op U1900"]
[Site "Ottawa CAN"]
[Date "2002.10.26"]
[Round "3"]
[White "Lavergne, Daniel"]
[Black "Danilov, Alex"]
[Result "0-1"]
[WhiteElo "1735"]
[BlackElo "1841"]
[PlyCount "74"]
[EventDate "2002.10.25"]
[EventType "swiss"]
[EventRounds "5"]
[EventCountry "CAN"]

1. e4 c5 2. Nf3 Nc6 3. d4 cxd4 4. Nxd4 g6 5. c4 Bg7 6. Be3 Nf6 7. Nc3 Ng4 8.
Qxg4 Nxd4 9. Qd1 Ne6 10. Rc1 Qa5 11. a3 b6 12. Qd5 Rb8 13. Bd3 Nc5 14. Bb1 Bb7
15. Qd1 Nxe4 16. Bxe4 Bxe4 17. Bd4 e5 18. O-O Bc6 19. Qe2 O-O 20. Be3 e4 21.
Nb5 Bxb5 22. cxb5 Rbc8 23. Rfd1 Rxc1 24. Rxc1 Qa4 25. Rc4 Qxb5 26. Qc2 d5 27.
Rc8 Qd3 28. Qxd3 exd3 29. Rxf8+ Kxf8 30. b3 Ke7 31. Bd2 Kd6 32. g3 Ke5 33. Kg2
Kd4 34. Kf3 Bf8 35. b4 Kc4 36. h4 Kb3 37. b5 Kc2 0-1

[Event "National Capital op U1900"]
[Site "Ottawa CAN"]
[Date "2002.10.26"]
[Round "3"]
[White "Villeneuve, Luc"]
[Black "Arseneau, Peter"]
[Result "1-0"]
[WhiteElo "1658"]
[BlackElo "1804"]
[PlyCount "45"]
[EventDate "2002.10.25"]
[EventType "swiss"]
[EventRounds "5"]
[EventCountry "CAN"]

1. e4 e5 2. Nf3 Nc6 3. Bb5 a6 4. Bxc6 dxc6 5. O-O Qd6 6. d3 Bg4 7. Nbd2 O-O-O
8. Nc4 Bxf3 9. Qxf3 Qe6 10. Bd2 g6 11. Bc3 Bg7 12. Rfe1 Ne7 13. a4 g5 14. Qe3
Kb8 15. b4 f5 16. b5 f4 17. Qc5 f3 18. bxa6 Ng6 19. Rab1 b5 20. axb5 cxb5 21.
Qxb5+ Kc8 22. a7 c6 23. Qb7# 1-0

[Event "National Capital op U1900"]
[Site "Ottawa CAN"]
[Date "2002.10.27"]
[Round "5"]
[White "Giroux, Dave"]
[Black "Danilov, Alex"]
[Result "0-1"]
[WhiteElo "1802"]
[BlackElo "1841"]
[PlyCount "60"]
[EventDate "2002.10.25"]
[EventType "swiss"]
[EventRounds "5"]
[EventCountry "CAN"]

1. e4 c5 2. Nf3 Nc6 3. d4 cxd4 4. Nxd4 g6 5. Nc3 Bg7 6. Be3 Nf6 7. Nxc6 bxc6 8.
e5 Nd5 9. Nxd5 cxd5 10. Qxd5 Rb8 11. O-O-O Qc7 12. f4 O-O 13. Kb1 d6 14. Bd4
Be6 15. exd6 exd6 16. Qf3 Bg4 17. Qxg4 Bxd4 18. Rxd4 Qb6 19. b3 Qxd4 20. Bd3 a5
21. Rd1 Qf6 22. h4 a4 23. Qe2 a3 24. c4 Qxf4 25. h5 Rfe8 26. Qc2 Qg3 27. hxg6
hxg6 28. Qd2 Re3 29. Bf1 Qe5 30. Bd3 Rxd3 0-1

[Event "Northshorechess.com inv"]
[Site "Vancouver CAN"]
[Date "2002.10.25"]
[Round "1"]
[White "Meng, Fanhao"]
[Black "North, Robert"]
[Result "1-0"]
[WhiteElo "2191"]
[BlackElo "2188"]
[PlyCount "97"]
[EventDate "2002.10.25"]
[EventType "tourn"]
[EventRounds "5"]
[EventCountry "CAN"]

1. e4 c5 2. c3 d5 3. exd5 Qxd5 4. d4 Nf6 5. Nf3 Bg4 6. Be2 e6 7. O-O Be7 8. Be3
cxd4 9. cxd4 Nc6 10. Nc3 Qd6 11. a3 O-O 12. Qb3 Rfd8 13. Rfd1 Nd5 14. h3 Bh5
15. Rac1 Rac8 16. Qxb7 Nxe3 17. fxe3 Rb8 18. Qa6 Bxf3 19. Bxf3 Nxd4 20. Qxd6
Nxf3+ 21. gxf3 Bxd6 22. Na4 g6 23. Kf2 Kg7 24. Ke2 Kf6 25. Rc6 Ke7 26. Ra6 Rb7
27. b4 Bb8 28. Nc5 Rxd1 29. Nxb7 Rh1 30. Na5 Kd7 31. Nc6 Kc7 32. b5 Rxh3 33.
Nxa7 Bxa7 34. Rxa7+ Kb6 35. Rxf7 Kxb5 36. Re7 Kc4 37. f4 Kd5 38. a4 h5 39. a5
Rh2+ 40. Kf3 Rh3+ 41. Kf2 Rh2+ 42. Kg3 Ra2 43. Rg7 e5 44. Rxg6 Ke4 45. Re6 Rxa5
46. Kh4 Rd5 47. Re8 Kf5 48. Kxh5 exf4 49. e4+ 1-0

[Event "Northshorechess.com inv"]
[Site "Vancouver CAN"]
[Date "2002.10.25"]
[Round "1"]
[White "Moura, Eduardo"]
[Black "Yousefzadeh, Mehrdad"]
[Result "1-0"]
[WhiteElo "1851"]
[BlackElo "2032"]
[PlyCount "81"]
[EventDate "2002.10.25"]
[EventType "tourn"]
[EventRounds "5"]
[EventCountry "CAN"]

1. e4 Nf6 2. e5 Nd5 3. d4 d6 4. Nf3 Bf5 5. Bd3 Bxd3 6. Qxd3 Nc6 7. exd6 Qxd6 8.
O-O e6 9. c4 Nf6 10. Nc3 O-O-O 11. Be3 Be7 12. Rad1 Ng4 13. a3 Bf6 14. Ne4 Qe7
15. b4 Nxe3 16. Qxe3 Rhe8 17. b5 Na5 18. Qc3 b6 19. c5 Kb8 20. a4 Rd5 21. c6
Red8 22. Nxf6 Qxf6 23. Ne5 Qe7 24. Rd3 f6 25. Nd7+ Kc8 26. Re1 Qd6 27. Red1 Rh5
28. h3 Rd5 29. R1d2 Qe7 30. Re3 Qf7 31. Rde2 Re8 32. Re1 h5 33. Nc5 e5 34. Nb3
Nxb3 35. Qxb3 Qg8 36. dxe5 fxe5 37. Rxe5 Rexe5 38. Rxe5 Rd8 39. Qxg8 Rxg8 40.
Rxh5 Rd8 41. Rg5 1-0